00832 2200277 4500001002100000005001500021035002500036020002200061040001200083041000800095082001800103084001800121090002200139090002100161100002700182245013700209250002000346260003900366300002600405504002900431650003000460700001000490850001200500999002100512990002100533INLIS00000000003548620190702081747 a0010-041800000000666 a978-602-1584-93-4 aYOPDYOG0 aind042[23]a499.221 a499.221 Rud E aDEP 499.221 Rud E aCB-D.11 2018-1320 aRUDIYANTO, A. ,d1979-1 aEBI= (Ejaan Bahasa Indonesia) :bpedoman umum ejaan bahasa Indonesia bagi pelajar, mahasiswa dan umum /cA. Rudiyanto; editor, Tercy aCetakan pertama aYogyakarta :bPutaka Cerdas,c2018 a150 halaman ;c21 cm. aBibliografi: halaman 149 4aBahasa Indonesia--xEjaan0 aTARCY aYOPDYOG aCB-D.11/2018-132 aCB-D.11/2018-132